|
|
|
|
| LEADER |
00882cam a2200229 7i4500 |
| 001 |
0000025460 |
| 005 |
20101223090000.0 |
| 022 |
0 |
0 |
|a 13944335
|
| 090 |
0 |
0 |
|a M 330.9
|b KEM
|
| 110 |
2 |
0 |
|a Kementerian Kewangan Malaysia
|
| 245 |
2 |
0 |
|a Laporan ekonomi 2010/2011.
|
| 260 |
0 |
0 |
|a Putrajaya:
|b Kementerian Kewangan Malaysia,
|c 2010.
|
| 300 |
# |
# |
|a 156 p.
|
| 650 |
0 |
0 |
|a Economic conditions --
|z Malaysia
|
| 651 |
0 |
0 |
|a Malaysia
|
| 999 |
|
|
|a JHR000250B
|b Book
|c Malaysia
|e MATRADE Southern Regional Office
|
| 999 |
|
|
|a 0000028012
|b Book
|c Malaysia
|e Business Information Centre
|
| 999 |
|
|
|a B000028535
|b Book
|c Malaysia
|e Business Information Centre
|
| 999 |
|
|
|a PNG000956B
|b Book
|c Malaysia
|e MATRADE Northern Regional Office
|
| 999 |
|
|
|a SBH000926B
|b Book
|c Malaysia
|e MATRADE Sabah
|
| 999 |
|
|
|a SRW000365B
|b Book
|c Malaysia
|e MATRADE Sarawak
|
| 999 |
|
|
|a TRG000247B
|b Book
|c Malaysia
|e MATRADE Eastern Regional Office
|